000
00220nam a2200085Ia 4500
008
120527s9999 xx 000 0 und d
100
_a
STARKEY, Paul
245
_a
Harnessing and implements for Animal tradition
942
_c
BK
999
_c
25107
_d
25107